Derecho aduanero /
En vista de que el comercio internacional de mercancías compete a las relaciones entre las naciones involucradas, la presente obra ofrece una visión global de los diferentes aspectos del derecho aduanero, tanto teóricas como de jurisprudencias específicas.
Gorde:
| Egile nagusia: | |
|---|---|
| Beste egile batzuk: | , , |
| Formatua: | Liburua |
| Hizkuntza: | gaztelania |
| Argitaratua: |
Bogotá, Colombia : Guanajuato, México :
Tirant Lo Blanch : Universidad del Rosario ; Universidad de Guanajuato,
c2019-2020
|
| Saila: | (Homenajes y Congresos)
|
| Gaiak: | |
| Etiketak: |
Etiketarik gabe, Izan zaitez lehena erregistro honi etiketa jartzen!
|
MARC
| LEADER | 00000nam^a2200000^a^4500 | ||
|---|---|---|---|
| 001 | 000430602 | ||
| 005 | 20250521000000.0 | ||
| 009 | 20260310122926.945 | ||
| 020 | |a 978-84-1336-434-6 | ||
| 020 | |a 978-84-1336-687-6 | ||
| 037 | |a Acervo ITESO - Biblioteca | ||
| 041 | |a ESP | ||
| 082 | |a 346. 0772 |b PAR | ||
| 100 | |a Pardo Carreo, Germán |e (dirección) | ||
| 245 | 1 | 0 | |a Derecho aduanero / |c Dir. y presen. de G. Pardo Carreo ; pról. de A. Rohde Ponce, R.X. Basaldúa, S. Ibáñez Marsilla. |
| 264 | 4 | |a Bogotá, Colombia : |b Tirant Lo Blanch : |b Universidad del Rosario ; |a Guanajuato, México : |b Universidad de Guanajuato, |c c2019-2020 | |
| 300 | |a 2 v. (789, 1213 p.) | ||
| 336 | |a texto |b txt |2 rdacontenido | ||
| 337 | |a sin mediación |b n |2 rdamedio | ||
| 338 | |a volumen |b nc |2 rdasoporte | ||
| 440 | 1 | |a (Homenajes y Congresos) | |
| 520 | |a En vista de que el comercio internacional de mercancías compete a las relaciones entre las naciones involucradas, la presente obra ofrece una visión global de los diferentes aspectos del derecho aduanero, tanto teóricas como de jurisprudencias específicas. | ||
| 521 | |a 2021 BO Licenciatura en Comercio y Negocios Globales | ||
| 649 | |a XX | ||
| 650 | |a Aranceles | ||
| 650 | |a Impuestos | ||
| 650 | |a Sistema Fiscal | ||
| 650 | |a Servicios Públicos | ||
| 650 | |a Comercio Internacional | ||
| 650 | |a Derecho Aduanero - |x Tema Principal | ||
| 650 | |a Derecho Fiscal | ||
| 650 | |a Derecho Administrativo | ||
| 650 | |a Derecho Mercantil - |x Tema Principal | ||
| 650 | |a Derecho Privado | ||
| 650 | |a Derecho Internacional Privado | ||
| 650 | |a Derecho Internacional | ||
| 700 | |a Rohde Ponce, Andrés |e (prólogo) | ||
| 700 | |a Basaldúa, Ricardo Xavier |e (prólogo) | ||
| 700 | |a Ibáñez Marsilla, Santiago |e (prólogo) | ||
| 910 | |a Fondo General | ||
| 920 | |a Impresos - Libros | ||
| 930 | |a Colección General | ||
| 905 | |a 101 | ||
| 901 | |a 0500351378 |b IT1 |c ACC |i C175386 |u 20250521 | ||
| 901 | |a 0500351375 |b IT1 |c ACC |i C175385 |u 20250521 | ||
| 901 | |a 0500351376 |b IT1 |c ACC |i C175384 |u 20250521 | ||
| 901 | |a 0500351377 |b IT1 |c ACC |i C175383 |u 20250521 | ||
| 901 | |a 0500351379 |b IT1 |c ACC |i C175388 |u 20250521 | ||
| 901 | |a 0500351374 |b IT1 |c ACC |i C175387 |u 20250521 | ||
| 902 | |a https://opac.biblio.iteso.mx/vufind/Record/000430602 | ||